| 000 | 00469nam a22001697a 4500 | ||
|---|---|---|---|
| 003 | MACL | ||
| 005 | 20160127130030.0 | ||
| 008 | 160127b xxu||||| |||| 00| 0 eng d | ||
| 040 | _cMACL | ||
| 041 | _aHindi | ||
| 082 | _a510/JAI | ||
| 100 |
_aJaipuriar,Suvendu _934673 |
||
| 245 | _aTricky Concept to Objective Mathematics for Bank Clerk | ||
| 260 |
_aPatna _bEducational Institutions & Publications Pvt.Ltd _c1998 |
||
| 650 |
_aMathematics _95682 |
||
| 942 |
_2ddc _cHIN |
||
| 999 |
_c52849 _d52849 |
||